Easter Candy Click Quiz Stats

 Plays Quiz Updated Apr 1, 2018

Also try: Easter Eggs
Challenge
Share
Tweet
Score 0/20 Timer 02:00
3 Plays Today
% Correct
Chocolate Cross
93.5%
Chocolate Bunny
93%
Bunny Ring Pop
92.2%
Hershey's Kisses
91.3%
Cadbury Creme Egg
91.2%
Chick Lollipop
91.2%
Pez
90.8%
Candy Corn
90.2%
Chocolate Egg
89.4%
Jelly Beans
89%
% Correct
Sweetarts
88%
Snickers Egg
86.2%
Gummy Bunnies
85.9%
Peeps
85.3%
M&M's
82.9%
Whoppers Robin Eggs
74.4%
Junior Mints
71.3%
Sixlets
68.6%
Egg-Shaped Bubblegum
65.6%
Reese's Bunny
64.4%

You're not logged in!

Compare scores with friends on all Sporcle quizzes.
OR
Log In

You Might Also Like...

Show Comments

Extras

Top Quizzes Today


Score Distribution

Your Account Isn't Verified!

In order to create a playlist on Sporcle, you need to verify the email address you used during registration. Go to your Sporcle Settings to finish the process.

Report this User

Report this user for behavior that violates our Community Guidelines.

Details: